| 000 | 00772nam a2200217 a 4500 | ||
|---|---|---|---|
| 001 | 000014656 | ||
| 005 | 20200929163859.0 | ||
| 008 | 100118s2007 dr a 001 0 spa d | ||
| 020 | _a9789993499275 | ||
| 040 |
_aDO-SdBNP _bspa _cBNPHU |
||
| 082 |
_axxx _bM671s |
||
| 100 | 1 |
_aMirabal, Yoselman, _d1969- _933203 |
|
| 245 | 1 | 0 |
_aSencillamente siervo / _cYoselman Mirabal ; prólogo Julio M. Garabitos. |
| 260 |
_aSanto Domingo : _bMirabal Producciones, _c2007. |
||
| 300 |
_a127 p. : _bil. ; _c21 cm. |
||
| 500 | _aIncluye datos biográficos del autor en la solapa de la cubierta | ||
| 504 | _aIncluye referencias bibliográficas [p.123-124] | ||
| 590 | _aLa biblioteca posee 3 ejemplares autografiados | ||
| 700 | 1 |
_aGarabitos, Julio M. _epról. _933204 |
|
| 049 | _aBNPD | ||
| 999 |
_c14240 _d14240 |
||